Mort subite Les travaux d'Hercule - Statistiques

Statistiques générales
  • Ce quiz a été pris 665 fois
  • Le résultat moyen est 7 sur 12
Answers on the Grid
Answers color-coded by a green-red scale on the quiz's grid according to % correct below.
Tuer la gorgone
Tuer le lion de Némée
Tuer l'hydre de Lerne
Capturer le sanglier d'Erymanthe
Sauver Andromède
Nettoyer les écuries d'Augias
Chasser les oiseaux du lac Stymphale
Capturer le taureau crétois de Minos
Tuer le minotaure
Capturer les juments de Diomède
Vaincre le sphinx
S'emparer de la ceinture d'Hippolyte, reine des Amazones
Capturer les boeufs de Géryon
Chevaucher Pégase
Cueillir les pommes d'or du jardin des Hespérides
Ramener Cerbère des enfers
Affronter le taureau de Marathon
Capturer la biche de Cérynie
 
Statistiques - réponses
Réponse % Correct
Tuer le lion de Némée
88%
Tuer l'hydre de Lerne
79%
Nettoyer les écuries d'Augias
74%
Capturer le sanglier d'Erymanthe
64%
Cueillir les pommes d'or du jardin des Hespérides
59%
Chasser les oiseaux du lac Stymphale
53%
Capturer les juments de Diomède
50%
Capturer la biche de Cérynie
49%
S'emparer de la ceinture d'Hippolyte, reine des Amazones
49%
Ramener Cerbère des enfers
47%
Capturer le taureau crétois de Minos
42%
Capturer les boeufs de Géryon
37%
Aucun quiz correspondant
Distribution des résultats
% des personnes avec chaque résultat
Percentile par nombre de réponses
Votre historique - résultats
Vous n’avez pas pris ce quiz